[Event "Cseppko op"]
[Site "Cseppko"]
[Date "1997.??.??"]
[Round "9"]
[White "Zetocha, Claudiu"]
[Black "Meszaros, Andras"]
[Result "1-0"]
[WhiteElo "2360"]
[BlackElo "2320"]

1.Nf3 d5 2.g3 Nc6 3.d4 Nf6 4.Bg2 g6 5.c4 Bg7 6.cxd5 Nxd5 7.O-O O-O 8.e4 Nb6
9.d5 Na5 10.Nc3 c6 11.dxc6 bxc6 12.Qc2 Qd6 13.Bf4 Qc5 14.Rac1 Qh5 15.b3 Bg4
16.Nd2 Rfd8 17.Be3 Rac8 18.f3 Be6 19.Ne2 c5 20.Nf4 Qe5 21.Nxe6 Qxe6 22.Rfd1 Nc6
23.Nc4 Nd4 24.Qf2 h5 25.Na3 Kh7 26.Nc2 Rd7 27.Qf1 Rcd8 28.Bxd4 Bxd4+ 29.Nxd4 Rxd4
30.Rxd4 cxd4 31.Qd3 h4 32.gxh4 Qe5 33.Bf1 Kg7 34.Qd2 f6 35.Bd3 Rh8 36.f4 Qh5
37.Qf2 Qg4+ 38.Qg3 Rxh4 39.Qxg4 Rxg4+ 40.Kf2 Rxf4+ 41.Kg3 e5 42.Rc7+ Kh6
43.Rxa7 Kg5 44.h3 f5 45.exf5 gxf5 46.a4 Nd5 47.Rd7 e4 48.Bxe4 Rxe4 49.Rxd5 Re3+
50.Kg2 Rd3 51.a5 Kf4 52.a6 Rd2+ 53.Kf1 Ra2 54.Rxd4+ Ke3 55.Rd6  1-0

[Event "MSS-ch"]
[Site "CZE"]
[Date "1997.??.??"]
[Round "?"]
[White "Dvorak, Tomas"]
[Black "Ovchinikova, Julia"]
[Result "1/2-1/2"]
[WhiteElo "1965"]
[BlackElo "2235"]

1.Nf3 d5 2.g3 Nc6 3.d4 Nf6 4.Bg2 e6 5.O-O a6 6.b3 Ne4 7.Bb2 Be7 8.c4 O-O
9.Nbd2 f5 10.Rc1 Bd7 11.Ne5 Be8 12.Ndf3 Nxe5 13.Nxe5 c6 14.e3 Nf6 15.c5 Bh5
16.Qd3 Nd7 17.b4 Nxe5 18.dxe5 Qc7 19.Bd4 Rfc8 20.Ra1 Bf8 21.Rfc1 Be7 22.Qd2 Bf8
23.a4 h6 24.f4 Be7 25.Kf2 Bf8 26.Bf1 Be7 27.Qb2 Kf8 28.b5 axb5 29.axb5 cxb5
30.Bxb5 Be8 31.Bxe8 Kxe8 32.Qb6 Rxa1 33.Rxa1 Qxb6 34.cxb6 Kd7 35.Ra7  1/2-1/2

[Event "MSS-ch"]
[Site "CZE"]
[Date "1997.??.??"]
[Round "?"]
[White "Dvorak, Tomas"]
[Black "Neuschl, Zdenek"]
[Result "1/2-1/2"]
[WhiteElo "1925"]
[BlackElo "2145"]

1.Nf3 d5 2.g3 Nf6 3.d4 c6 4.Bg2 Bf5 5.O-O h6 6.b3 e6 7.c4 Be7 8.Bb2 O-O 9.Nc3 Nbd7
10.e3 Qb6 11.c5 Qc7 12.b4 b6 13.Na4 a5 14.a3 Rfb8 15.Bc3 axb4 16.axb4 Be4
17.cxb6 Nxb6 18.Nc5 Rxa1 19.Qxa1 Ra8 20.Qb2 Nc4 21.Qc1 Bxc5 22.dxc5 e5 23.Nd2 Nxd2
24.Qxd2 Bxg2 25.Kxg2 Ne4 26.Qb2 f6 27.Ra1 Qb7 28.Ra3 Rxa3 29.Qxa3 Qb5 30.Qa8+ Kh7
31.Qc8 h5 32.Qf5+ Kh6 33.g4 hxg4 34.Qxg4 Qd3 35.Be1 Ng5 36.h4 Ne4 37.Qc8 Qe2
38.Qh8+ Kg6 39.Qe8+ Kh6 40.Qh8+ Kg6 41.Qe8+ Kh7 42.h5 Qg4+ 43.Kf1 d4 44.b5 cxb5
45.c6 Qh3+  1/2-1/2

[Event "CZE-chT1a 9697"]
[Site "CZE"]
[Date "1997.??.??"]
[Round "?"]
[White "Bakalar, Petr"]
[Black "Schula, Michal"]
[Result "0-1"]
[WhiteElo "2340"]
[BlackElo "2260"]

1.Nf3 d5 2.g3 Bg4 3.Bg2 Nd7 4.c4 e6 5.O-O c6 6.cxd5 exd5 7.d3 Ngf6 8.h3 Bxf3
9.Bxf3 Bd6 10.e4 O-O 11.Nc3 Nb6 12.Bg2 Qe7 13.f4 dxe4 14.dxe4 Bc5+ 15.Kh1 Rad8
16.Qe2 Rfe8 17.Re1 Bb4 18.e5 Nfd5 19.Nxd5 Nxd5 20.Rd1 f6 21.a3 Bd6 22.Bxd5+ cxd5
23.Rxd5 fxe5 24.fxe5 Bxe5 25.Rxd8 Qxd8 26.Bf4 Bxf4 27.Qc4+ Kh8 28.Qxf4 Qd7
29.h4 h6 30.Rf1 Qh3+ 31.Kg1 Re2 32.Qf8+ Kh7 33.Qf5+ Qxf5 34.Rxf5 Rxb2 35.a4 Kg6
36.Rf4 a5 37.Rg4+ Kh7 38.Rd4 Rb4 39.Rd7 Rb2 40.h5 Kg8 41.Kh1 b5 42.Ra7 bxa4
43.Rxa5 Ra2 44.Ra7 a3 45.Kg1 Kf8 46.Kf1 Ke8 47.Ke1 Kd8 48.Kd1 Ra1+ 49.Kc2 a2
50.Kb3 Rg1 51.Rxa2 Rxg3+ 52.Kc4 Ke7 53.Kd4 Rg4+ 54.Ke3 Kf6 55.Kf3 Kg5 56.Rh2 Rf4+
57.Ke3 Rf7 58.Rh3 Kg4 59.Rh1 Re7+ 60.Kf2 Ra7 61.Ke3 Rb7 62.Kf2 Re7 63.Rh2 Rf7+
64.Ke3 Kg3 65.Rh1 Re7+ 66.Kd4 Kg4 67.Kd5 Re3 68.Kd4 Re2 69.Kd3 Re5 70.Kd4 Rxh5
71.Rg1+ Kf3 72.Rxg7 Rf5 73.Rh7 h5 74.Kd3 Rd5+ 75.Kc4 Ra5 76.Kd3 Rf5 77.Rh8 Kg4
78.Ke3 h4 79.Rg8+ Kh3 80.Ke2 Kh2 81.Rg7 h3 82.Rg8 Kh1 83.Rg7  0-1

[Event "CZE-chT1a 9697"]
[Site "CZE"]
[Date "1997.??.??"]
[Round "?"]
[White "Bretsnajdr, Vladimir"]
[Black "Pliva, Vojtech"]
[Result "1-0"]
[WhiteElo "2290"]
[BlackElo "2205"]

1.Nf3 d5 2.g3 g6 3.Bg2 Bg7 4.d4 Nf6 5.O-O O-O 6.c4 c6 7.b3 Ne4 8.Bb2 e6 9.Nbd2 Nd7
10.Qc2 f5 11.e3 Ndf6 12.Ne5 Nxd2 13.Qxd2 Nd7 14.Nd3 b6 15.Qc2 Bb7 16.Rad1 Rc8
17.f3 Qe7 18.e4 fxe4 19.fxe4 Rxf1+ 20.Rxf1 dxe4 21.Bxe4 e5 22.Re1 Nf6 23.Nxe5 Nxe4
24.Qxe4 c5 25.d5 Re8 26.Bc3 Bc8 27.Qf4 Rf8 28.Nxg6 Qxe1+ 29.Bxe1 Rxf4 30.Nxf4 Bf5
31.b4 Bd4+ 32.Bf2 Bxf2+ 33.Kxf2 cxb4 34.Ke3 Kf7 35.Kd4 Ke7 36.c5 bxc5+ 37.Kxc5 Bb1
38.Kxb4 Bxa2 39.Kc5 Kd7 40.Nd3 Bb1 41.Ne5+ Kc8 42.d6 Be4 43.g4 Kb7 44.h4 Bg2
45.g5 Be4 46.h5 Kc8 47.h6  1-0

[Event "CZE-chT1c 9697"]
[Site "CZE"]
[Date "1997.??.??"]
[Round "?"]
[White "Stluka, Petr"]
[Black "Roj, Miroslav"]
[Result "1/2-1/2"]
[WhiteElo "2250"]
[BlackElo "2200"]

1.Nf3 d5 2.g3 Bg4 3.Bg2 Nd7 4.d4 Ngf6 5.O-O e6 6.b3 Be7 7.Bb2 a5 8.Nbd2 c6
9.c4 O-O 10.Re1 b5 11.h3 Bh5 12.Rc1 bxc4 13.bxc4 Rb8 14.Bc3 Ba3 15.Rb1 Bb4
16.Qc1 Bg6 17.Rb3 c5 18.Bxb4 cxb4 19.a3 dxc4 20.Qxc4 Rc8 21.Qa6 Bc2 22.Rb2 bxa3
23.Ra2 a4 24.Rxa3 Nd5 25.e4 Nb8 26.Qb5 Qe7 27.Rea1 Nb4 28.Ne1 N8a6 29.Bf1 Rc7
30.Qa5 Nb8 31.Rc1 N8c6 32.Qc5  1/2-1/2

[Event "CZE-chT1c 9697"]
[Site "CZE"]
[Date "1997.??.??"]
[Round "?"]
[White "Stluka, Petr"]
[Black "Cerny, Martin"]
[Result "1/2-1/2"]
[WhiteElo "2250"]
[BlackElo "2225"]

1.Nf3 d5 2.g3 Nf6 3.Bg2 c6 4.O-O Bg4 5.b3 e6 6.Bb2 Be7 7.d3 Bxf3 8.exf3 O-O
9.Nd2 Nfd7 10.f4 Bf6 11.Bxf6 Qxf6 12.Nf3 c5 13.Re1 Nc6 14.Re2 a5 15.a4 Rfc8
16.Qe1 Nd4 17.Nxd4 cxd4 18.b4 Rc3 19.bxa5 Rxa5 20.Qb1 b6 21.Qb4 Rcc5 22.h4 h5
23.Ra2 g6 24.Bh3 Rc6 25.Kh2 Rcc5 26.Kg1  1/2-1/2

[Event "MSS-ch"]
[Site "CZE"]
[Date "1997.??.??"]
[Round "?"]
[White "Amerling, Miroslav"]
[Black "Brazdil, R."]
[Result "0-1"]
[WhiteElo "2005"]
[BlackElo "1860"]

1.Nf3 d5 2.g3 Nf6 3.Bg2 g6 4.O-O Bg7 5.c4 c6 6.d3 O-O 7.Bf4 Qb6 8.Qc1 Nh5
9.Be5 f6 10.Bc3 e5 11.b4 d4 12.c5 Qc7 13.Bb2 a5 14.a3 Be6 15.Nbd2 Na6 16.Nc4 axb4
17.Nb6 bxa3 18.Nxa8 axb2 19.Nxc7 bxc1=Q 20.Rfxc1 Nxc7 21.Ra7 Rb8 22.Nd2 Nb5
23.Ra4 Nc3 24.Kf1 Bf8 25.Ne4 Nxe4 26.Bxe4 f5 27.Bg2 Nf6 28.Rb1 Nd7 29.Ra7 Nxc5
30.Bxc6 Nb3  0-1

[Event "MSS-ch"]
[Site "CZE"]
[Date "1997.??.??"]
[Round "?"]
[White "Amerling, Miroslav"]
[Black "Partys, P."]
[Result "1-0"]
[WhiteElo "2005"]
[BlackElo "1635"]

1.Nf3 d5 2.g3 Nf6 3.Bg2 c5 4.c4 d4 5.b4 Nc6 6.bxc5 e5 7.O-O Bxc5 8.d3 O-O
9.Nbd2 Re8 10.Ng5 Bd7 11.Rb1 b6 12.Nge4 Rb8 13.Nxc5 bxc5 14.Nb3 Qe7 15.Bg5 Nb4
16.Qd2 Ba4 17.a3 Nc6 18.Na5 Qc7 19.Nxc6 Bxc6 20.Bxc6 Qxc6 21.Bxf6 gxf6 22.Qa5 Rb6
23.Qxa7 Ra6 24.Qb7 Qxb7 25.Rxb7 Rxa3 26.Rc7 e4 27.Rd1 exd3 28.exd3 Re5 29.Rd2 h5
30.Kg2 Kg7 31.f4 Rf5 32.h4 Ra1 33.Rd7 Ra8 34.Kf3 Rg8 35.Ke4  1-0

[Event "MSS-ch"]
[Site "CZE"]
[Date "1997.??.??"]
[Round "?"]
[White "Dvorak, Libor"]
[Black "Hnilicka, M."]
[Result "1-0"]
[WhiteElo "1965"]
[BlackElo "1760"]

1.Nf3 d5 2.g3 e6 3.Bg2 Bd6 4.b3 Nf6 5.Bb2 c5 6.c4 O-O 7.O-O Re8 8.d4 Nc6
9.cxd5 Nxd5 10.e4 Nb6 11.e5 Bf8 12.Nc3 cxd4 13.Ne4 d3 14.Nfg5 Be7 15.Qh5 Bxg5
16.Nxg5  1-0

[Event "MSS-ch"]
[Site "CZE"]
[Date "1997.??.??"]
[Round "?"]
[White "Dvorak, Tomas"]
[Black "Martisek, K."]
[Result "1-0"]
[WhiteElo "1925"]
[BlackElo "1825"]

1.Nf3 d5 2.g3 c6 3.Bg2 Nf6 4.O-O Bg4 5.d4 Bxf3 6.Bxf3 Nbd7 7.b3 e5 8.dxe5 Nxe5
9.Bb2 Bd6 10.Nd2 O-O 11.e4 Nxf3+ 12.Qxf3 dxe4 13.Nxe4 Nxe4 14.Qxe4 Re8 15.Qf5 f6
16.Rad1 Qc7 17.Rd3 Be5 18.Rd7 g6 19.Qh3 Qxd7 20.Qxd7 Bxb2 21.Qxb7 Rad8 22.Qxc6 Kf8
23.Qc5+ Kg7 24.Qxa7+ Kh6 25.Qc7 Rc8 26.Qf4+ g5 27.Qf5 Rcd8 28.c3 Bxc3 29.Rc1 Be5
30.Rc4 Rd4 31.Rxd4 Bxd4 32.Qd3 Be5 33.a4 Rb8 34.a5 Rb4 35.a6 Rd4 36.Qc2 Rd7
37.b4 Rc7 38.Qxc7 Bxc7  1-0

[Event "MSS-ch"]
[Site "CZE"]
[Date "1997.??.??"]
[Round "?"]
[White "Riska, Lubomir"]
[Black "Del Favero, Karel"]
[Result "1-0"]
[WhiteElo "2060"]
[BlackElo "1880"]

1.Nf3 d5 2.g3 Nf6 3.Bg2 c6 4.O-O e6 5.c4 dxc4 6.a4 a5 7.Qc2 Be7 8.Na3 Na6
9.Nxc4 Nb4 10.Qb1 O-O 11.b3 Ra6 12.Bb2 b5 13.Nce5 h6 14.Nd4 Nfd5 15.axb5 cxb5
16.Nxb5 Qb6 17.Na3 Rd8 18.Nac4 Qb5 19.Rc1 Bb7 20.d4 Nc6 21.Nxc6 Bxc6 22.e4 Nf6
23.e5 Nd5 24.Nxa5 Rxa5 25.Rxa5 Qxa5 26.Rxc6 Qb5 27.Qc2 Nb4 28.Qc4 Qxc4 29.Rxc4 Nd3
30.Bc3 Rb8 31.Bf1 Nc1 32.b4 Na2 33.b5 Nxc3 34.Rxc3 Bb4 35.Rb3 Ba5 36.Bg2 Bb6
37.Rd3 Bc7 38.Bc6 Rd8 39.d5 Bxe5 40.dxe6 Bf6 41.exf7+ Kxf7 42.Bd5+ Ke7 43.b6 Kd6
44.Be4+ Kc5 45.b7 Rb8 46.Rd7 Kb6 47.f4 Ka7 48.Kf2 Rd8 49.Rxd8 Bxd8 50.Kf3 Kb8
51.Kg4 Bf6 52.Kh5 Bd4 53.Kg6 Bf6 54.g4 Kc7 55.g5 hxg5 56.fxg5 Be5 57.h4 Kb8
58.h5 Kc7 59.Kf7 Bd4 60.h6 gxh6 61.g6  1-0

[Event "MSS-ch"]
[Site "CZE"]
[Date "1997.??.??"]
[Round "?"]
[White "Talpa, Pavel"]
[Black "Obrdlik, Rostislav"]
[Result "1-0"]
[WhiteElo "1825"]
[BlackElo "1970"]

1.Nf3 d5 2.g3 Nf6 3.Bg2 c6 4.O-O h6 5.d3 Bf5 6.b3 e6 7.Bb2 Nbd7 8.Nbd2 Bc5
9.c4 O-O 10.h3 Qe7 11.Rc1 Rac8 12.Ne5 Nxe5 13.Bxe5 Rfd8 14.Nf3 Ba3 15.Rc2 dxc4
16.Rxc4 Nd7 17.Ba1 e5 18.Qd2 Be6 19.Ra4 Bc5 20.Qb2 f6 21.b4 b5 22.Ra3 Bxb4
23.Rxa7 Ra8 24.Rxa8 Rxa8 25.Qc2 c5 26.Nxe5 Rxa2 27.Nc6 Qd6 28.Qc1 Ba3 29.Qe3 b4
30.Nd8 Bf7 31.d4 c4 32.Be4 b3 33.Bc3 Bb4 34.Bxb4 Qxb4 35.Bb1 Ra8 36.Nxf7 Kxf7
37.Qe4 Rh8 38.Qd5+ Ke7 39.Bf5 Nb6 40.Qe6+ Kd8 41.Ra1 Qb5 42.Qd6+  1-0

[Event "MSS-ch"]
[Site "CZE"]
[Date "1997.??.??"]
[Round "?"]
[White "Talpa, Pavel"]
[Black "Skaroupka, Jiri"]
[Result "1/2-1/2"]
[WhiteElo "1825"]
[BlackElo "2105"]

1.Nf3 d5 2.g3 Nf6 3.Bg2 g6 4.O-O Bg7 5.d3 O-O 6.Nbd2 Nbd7 7.e4 dxe4 8.dxe4 e5
9.b3 Re8 10.Bb2 Nh5 11.Nc4 Qe7 12.a4 f6 13.Ne3 Nf8 14.Nd5 Qf7 15.Nd2 Bh6
16.Nc4 Be6 17.Qe1 Bxd5 18.exd5 e4 19.Rd1 Nd7 20.Qb4 b6 21.a5 f5 22.axb6 axb6
23.d6 c6 24.Ra1 b5 25.Rxa8 Rxa8 26.Na5 Rc8  1/2-1/2

[Event "CZE-chT1b 9697"]
[Site "CZE"]
[Date "1997.??.??"]
[Round "?"]
[White "Vavruska, David"]
[Black "Jandourek, Lukas"]
[Result "1-0"]
[WhiteElo "2280"]
[BlackElo "2200"]

1.Nf3 d5 2.g3 Nf6 3.Bg2 c6 4.O-O Bf5 5.b3 e6 6.Bb2 h6 7.d3 Be7 8.Nbd2 O-O
9.Ne5 Nbd7 10.Nxd7 Nxd7 11.e4 Bg6 12.f4 f5 13.Qe2 Bf6 14.Bxf6 Qxf6 15.e5 Qe7
16.d4 a6 17.Rfc1 Rfe8 18.a3 b5 19.c4 Nb6 20.c5 Nd7 21.a4 Nf8 22.Ra2 Ra7 23.Rca1 Rea8
24.b4 Be8 25.Nb3 Qc7 26.axb5 axb5 27.Rxa7 Rxa7 28.Ra5 Nd7 29.Bf3 Nb8 30.Qa2 Rb7
31.Ra8 g6 32.Kf2 Kh7 33.Ke3 Kh8 34.g4 Kh7 35.h4 Bf7 36.h5 Kg7 37.hxg6 Bxg6
38.Qg2 Kh7 39.g5 hxg5 40.Qxg5 Ra7 41.Qh4+ Kg8 42.Rxa7 Qxa7 43.Qd8+ Kg7 44.Na5 Bf7
45.Kf2 Nd7 46.Qg5+ Kh7 47.Nxc6 Qa3 48.Kg3 Qa1 49.Nd8 Bg8 50.c6 Nb6 51.Qe7+ Kh6
52.Nxe6  1-0

[Event "CZE-chT 9697"]
[Site "CZE"]
[Date "1997.??.??"]
[Round "4"]
[White "Mojzis, Jaroslav"]
[Black "Bazant, Petr Sr"]
[Result "0-1"]
[WhiteElo "2230"]
[BlackElo "2310"]

1.Nf3 d5 2.g3 Nf6 3.Bg2 g6 4.c4 dxc4 5.Na3 Bg7 6.Nxc4 O-O 7.b3 c5 8.Bb2 Nc6
9.Rc1 Be6 10.O-O Rc8 11.Ng5 Bd5 12.Bh3 e6 13.Ne3 Nd4 14.Nxd5 Qxd5 15.f4 Rfd8
16.Bg2 Qd7 17.e3 Nc6 18.Rxc5 Qxd2 19.Qxd2 Rxd2 20.Bxf6 Bxf6 21.Ne4 Be7 22.Rb5 Rd7
23.Nc5 Rdc7 24.Nxb7 Nb4 25.a4 Nc2 26.Rc1 Nxe3 27.Rxc7 Rxc7 28.Bf3 Nf5 29.Na5 Nd4
30.Rb8+ Kg7 31.Be4 f5 32.Bd3 Rc3 33.Bc4 Rc2 34.Rb7 Kf6 35.Rxa7 Bc5  0-1

[Event "CZE-chT 9697"]
[Site "CZE"]
[Date "1997.??.??"]
[Round "4"]
[White "Mirumian, Vigen"]
[Black "Sosna, Jan"]
[Result "1-0"]
[WhiteElo "2425"]
[BlackElo "2350"]

1.Nf3 d5 2.g3 c6 3.Bg2 Bg4 4.b3 Nd7 5.Bb2 Ngf6 6.O-O e6 7.c4 Bb4 8.d3 O-O
9.Nbd2 Qe7 10.a3 Ba5 11.h3 Bh5 12.b4 Bb6 13.e4 dxe4 14.dxe4 Bxf3 15.Bxf3 e5
16.c5 Bc7 17.Qe2 Rfd8 18.Nc4 Nf8 19.Bg2 Rd7 20.Rad1 Rad8 21.Rxd7 Rxd7 22.Bc3 h5
23.h4 b6 24.cxb6 axb6 25.a4 Qe6 26.Rc1 b5 27.axb5 cxb5 28.Ne3 Qa6 29.Ra1 Qc6
30.Rc1 Ne6 31.Nd5 Nd4 32.Qd1 Nxd5 33.exd5 Qc4 34.Bxd4 Qxd4 35.Qxh5 Qxb4 36.Bh3 Qb2
37.Rc6 Qb1+ 38.Kg2 Qe4+ 39.Qf3 Qxf3+ 40.Kxf3 f5 41.Bxf5 Rf7 42.Ke4 Kh8 43.d6  1-0

[Event "CZE-chT 9697"]
[Site "CZE"]
[Date "1997.??.??"]
[Round "8"]
[White "Blatny, Pavel"]
[Black "Velicka, Petr"]
[Result "1/2-1/2"]
[WhiteElo "2540"]
[BlackElo "2405"]

1.Nf3 d5 2.g3 Nf6 3.Bg2 Bg4 4.c4 c6 5.cxd5 Bxf3 6.Bxf3 cxd5 7.Qb3 Qd7 8.Nc3 e6
9.d4 Nc6 10.e3 Be7 11.Bd2 O-O 12.Ne2 Ne4 13.Bxe4 dxe4 14.O-O-O Qd5 15.Qxd5 exd5
16.Rhf1 Rad8 17.a3 f5 18.Kb1 Kf7 19.Rc1 Bd6 20.b4 a6 21.Ka2 Rc8 22.Kb3 Ke6
23.a4 Na7 24.f3 Rxc1 25.Nxc1 h5 26.Ne2 g5 27.Be1 Rc8 28.fxe4 fxe4 29.h3 Rh8
30.Nc3 Nc6 31.a5 g4 32.Rh1 gxh3 33.Ne2 Rf8 34.Nf4+ Bxf4 35.gxf4 Ne7 36.Rxh3 Rh8
37.b5 axb5 38.Kb4 Nf5 39.Kxb5 Rh7 40.Bh4 Nd6+ 41.Kb4 Nf5 42.Kc5 Rg7 43.Bg5 Rh7
44.Bh4 Rg7 45.Bg5  1/2-1/2

[Event "CZE-chT 9697"]
[Site "CZE"]
[Date "1997.??.??"]
[Round "9"]
[White "Gross, Stefan"]
[Black "Netusil, Miroslav"]
[Result "1/2-1/2"]
[WhiteElo "2340"]
[BlackElo "2300"]

1.Nf3 d5 2.g3 Nf6 3.Bg2 Bg4 4.Ne5 Bh5 5.c4 c6 6.cxd5 cxd5 7.Qa4+ Nbd7 8.Nc3 e6
9.g4 Bg6 10.h4 h6 11.Nxg6 fxg6 12.g5 hxg5 13.hxg5 Rxh1+ 14.Bxh1 Qc7 15.Qh4 Ng8
16.d3 Ne7 17.Bd2 Rc8 18.Rc1 Qb6 19.Qa4 Rc6 20.Nd1 Qc7 21.Bf4 Qb6 22.Be3 Qc7
23.Bf4 Qb6  1/2-1/2

[Event "Decin op"]
[Site "Decin"]
[Date "1997.??.??"]
[Round "7"]
[White "Zolnierowicz, Krzysztof"]
[Black "Fakhretdinov, Robert"]
[Result "1/2-1/2"]
[WhiteElo "2385"]
[BlackElo "2310"]

1.Nf3 d5 2.g3 Nf6 3.Bg2 e6 4.O-O c5 5.d3 Nc6 6.Nbd2 Be7 7.e4 b6 8.Re1 Bb7
9.c3 h6 10.a3 a5 11.a4 Qc7 12.exd5 Nxd5 13.Nc4 O-O 14.h4 Rfd8 15.Nh2 Bf8
16.Ng4 Ra7 17.Bxh6 gxh6 18.Bxd5 exd5 19.Nf6+ Kh8 20.Re8 Bc8 21.Nxd5 Rxd5
22.Rxf8+ Kg7 23.Rxc8 Qxc8 24.Nxb6 Qe6 25.Nxd5 Qxd5 26.Qg4+ Kh7 27.Re1 Re7
28.Rxe7 Nxe7 29.b4 Qxd3  1/2-1/2

[Event "Neckar op 1st"]
[Site "Deizisau"]
[Date "1997.??.??"]
[Round "3"]
[White "Ivanov, Mikhail M"]
[Black "Doeserich, Juergen"]
[Result "1-0"]
[WhiteElo "2500"]
[BlackElo "2085"]

1.Nf3 d5 2.g3 Nf6 3.Bg2 e6 4.O-O Be7 5.c4 O-O 6.d4 dxc4 7.Qc2 c5 8.dxc5 Bxc5
9.Nbd2 Nbd7 10.Nxc4 Qe7 11.a3 a5 12.Bd2 a4 13.Ne1 Rd8 14.Nd3 Nb6 15.Ba5 Rxa5
16.Nxa5 Rxd3 17.Qxd3 Qc7 18.b4 Bf8 19.Rac1 Qb8  1-0

[Event "Dresden op"]
[Site "Dresden"]
[Date "1997.??.??"]
[Round "5"]
[White "Troyke, Christian"]
[Black "Wolter, Michael"]
[Result "1/2-1/2"]
[WhiteElo "2400"]
[BlackElo "2185"]

1.g3 d5 2.Nf3 Nf6 3.Bg2 e6 4.O-O Be7 5.d4 O-O 6.c4 c6 7.Qc2 Nbd7 8.Nbd2 b6
9.e4 Bb7 10.b3 Rc8 11.Bb2 c5 12.exd5 exd5 13.dxc5 dxc4 14.Nxc4 b5 15.Nce5 Nxe5
16.Bxe5 Rxc5 17.Qe2 Qa8 18.Nh4 Bxg2 19.Nxg2 a6 20.Bd4 Rc7 21.Bxf6 Bxf6 22.Rac1 Rxc1
23.Rxc1 g6 24.Ne3 Bg5 25.Rc5 Bxe3 26.Qxe3 Re8 27.Re5 Rxe5 28.Qxe5 Qc6 29.h4 h5
30.Qd4 Qc2  1/2-1/2

[Event "Dresden op"]
[Site "Dresden"]
[Date "1997.??.??"]
[Round "8"]
[White "Farago, Ivan"]
[Black "Lamprecht, Frank"]
[Result "1/2-1/2"]
[WhiteElo "2445"]
[BlackElo "2410"]

1.Nf3 d5 2.g3 Nf6 3.Bg2 e6 4.O-O Be7 5.b3 O-O 6.Bb2 b6 7.c4 Bb7 8.e3 dxc4
9.bxc4 c5 10.Qe2 Nc6 11.d3 Rc8 12.Nc3 Qc7 13.Rad1 Rfd8 14.Ne1 Na5 15.f4 Bxg2
16.Nxg2 Qd7 17.g4 a6 18.f5 exf5 19.g5 Ne8 20.Nd5 Rc6 21.Rxf5 g6 22.Rxf7 Kxf7
23.Rf1+ Kg8 24.Qf3 Nd6 25.Nxe7+ Qxe7 26.Bf6 Qd7 27.Bxd8 Nf7 28.Bf6 Qxd3 29.Bc3 Qf5
30.Qxf5 gxf5 31.Bxa5 bxa5 32.Rxf5 a4 33.h4 a3 34.e4 Nd6 35.Rf6 Rb6 36.e5 Nxc4
37.e6 Rb7 38.Rf5 Rc7 39.e7 Rxe7 40.Rxc5 Ne3 41.Rc8+ Kf7 42.Nf4 Re4 43.Rc7+ Kf8
44.Nh5 Nd5 45.Rxh7 Rxh4 46.Kf2 Nf4 47.Nf6 Rxh7 48.Nxh7+ Kg7 49.Nf6 Nh3+  1/2-1/2

[Event "Dresden op"]
[Site "Dresden"]
[Date "1997.??.??"]
[Round "9"]
[White "Maiwald, Jens Uwe"]
[Black "Blauert, Joerg"]
[Result "1/2-1/2"]
[WhiteElo "2450"]
[BlackElo "2385"]

1.Nf3 d5 2.g3 Nf6 3.Bg2 c5 4.O-O Nc6 5.d3 g6 6.Nc3 Bg7 7.e4 O-O 8.h3 dxe4
9.dxe4 Be6 10.Be3 Nd7 11.Qd2 Nde5 12.Qxd8 Nxf3+ 13.Bxf3 Rfxd8 14.Bxc5 Bxh3
15.Rfd1 b6 16.Be3 Ne5 17.Be2 Bg4 18.Rxd8+ Rxd8 19.Ba6 Nc6 20.a3 Bf3 21.Re1 Nd4
22.Bd3 Bg4 23.Bxd4 Bxd4 24.Nb5 Bxb2 25.Rb1 Bd4 26.Nxa7 Bc5 27.Nb5 Ra8 28.Kg2 Bd7
29.Nc7 Ra7 30.Nd5 Be6 31.Bc4 Rxa3 32.Bb3 Kg7 33.Rd1 Ra7 34.Rb1 g5 35.Nxb6 Bxb3
36.Rxb3 Ra2 37.Nd7 Rxc2 38.Nxc5 Rxc5 39.Kf3 h5 40.Ra3 Kg6 41.Rb3 Rc1 42.Ra3 Re1
43.Ra4 g4+ 44.Kg2 Rc1 45.Ra6+ e6 46.Ra4 Rc5 47.Rb4 Kg5 48.Ra4 f6 49.Ra6 e5
50.Ra4 Rc1 51.Rb4 Rd1 52.Rb3 Rd4 53.Re3 h4 54.gxh4+ Kf4 55.h5 Rd8 56.Rg3 Rh8
57.f3 gxf3+ 58.Rxf3+ Kxe4 59.Rxf6 Rxh5 60.Ra6 Kf4 61.Ra3 e4 62.Kf1  1/2-1/2

[Event "Dresden op"]
[Site "Dresden"]
[Date "1997.??.??"]
[Round "9"]
[White "Troyke, Christian"]
[Black "Hoffmann, Hendrik"]
[Result "1-0"]
[WhiteElo "2400"]
[BlackElo "2265"]

1.g3 d5 2.Nf3 Nf6 3.Bg2 c6 4.c4 g6 5.b3 Bg7 6.Bb2 O-O 7.O-O Bf5 8.d3 Qc8
9.Re1 Bh3 10.Kh1 h6 11.Nbd2 Nbd7 12.Rc1 Qb8 13.cxd5 Nxd5 14.Bxg7 Kxg7 15.Nc4 a5
16.Qd2 Qa7 17.e4 N5f6 18.d4 Rfd8 19.e5 Nd5 20.e6 Bxe6 21.Rxe6 fxe6 22.Re1 Nf8
23.Re4 Nf6 24.Rh4 g5 25.Nxg5 hxg5 26.Qxg5+ Kf7 27.Ne5+ Ke8 28.Rh8 Rxd4 29.Rxf8+  1-0

[Event "ROM-chT"]
[Site "Eforie Nord"]
[Date "1997.??.??"]
[Round "?"]
[White "Badea, Bela"]
[Black "Cozianu, Costin"]
[Result "1-0"]
[WhiteElo "2525"]
[BlackElo "2415"]

1.Nf3 d5 2.g3 Nf6 3.Bg2 c6 4.O-O Bf5 5.d3 e6 6.Nfd2 h6 7.e4 Bh7 8.Qe2 Be7
9.Nc3 Na6 10.f4 O-O 11.Kh1 b5 12.Nd1 Nc7 13.Ne3 Kh8 14.f5 d4 15.Ng4 Nxg4
16.Qxg4 Qd7 17.f6 Bxf6 18.Rxf6 gxf6 19.Qh4 Qd8 20.Qxh6 Rg8 21.Nf3 Ne8 22.e5 Rc8
23.Bf4 f5 24.Ng5 Rxg5 25.Bxg5 Qc7 26.Re1 c5 27.Rf1 f6 28.Bxf6+ Kg8 29.Qg5+ Kf8
30.Qh6+ Kg8 31.g4  1-0

[Event "RUS-Cup5"]
[Site "Ekaterinburg"]
[Date "1997.??.??"]
[Round "3"]
[White "Temirbaev, Serik"]
[Black "Chernitsin, Ivan"]
[Result "1-0"]
[WhiteElo "2495"]
[BlackElo "2375"]

1.Nf3 d5 2.g3 Nf6 3.Bg2 c6 4.O-O Bf5 5.d3 Nbd7 6.Nbd2 e6 7.Qe1 Bc5 8.e4 Bg6
9.Qe2 Nb6 10.c3 O-O 11.e5 Nfd7 12.Nh4 Re8 13.Nxg6 hxg6 14.Nf3 f5 15.exf6 gxf6
16.d4 Bd6 17.Qc2 Kf7 18.h4 Rh8 19.Re1 Nf8 20.b3 Nc8 21.c4 Ne7 22.g4 Nd7 23.Bb2 Bf4
24.Re2 Qg8 25.Rae1 Nf8 26.Bc1 g5 27.hxg5 Bxg5 28.Bxg5 fxg5 29.Qd2 Ke8 30.Nxg5 Rh6
31.f3 Rf6 32.Nh3 Kd7 33.Nf4 Neg6 34.Nd3 Nh4 35.cxd5 cxd5 36.Qb4 b6 37.Ne5+ Ke8
38.Qb5+ Ke7 39.Rc1 Rf4 40.Qb4+ Kf6 41.Rc7 Nfg6 42.Qd2 Rc8 43.Rxa7  1-0

[Event "RUS-Cup5"]
[Site "Ekaterinburg"]
[Date "1997.??.??"]
[Round "5"]
[White "Sergeev, Nickolay"]
[Black "Egin, Vladimir"]
[Result "1/2-1/2"]
[WhiteElo "2330"]
[BlackElo "2425"]

1.Nf3 d5 2.g3 c5 3.Bg2 Nc6 4.d3 Nf6 5.Nbd2 e6 6.O-O Be7 7.c4 O-O 8.b3 d4
9.a3 e5 10.Qc2 Bf5 11.Bb2 Qd7 12.Rfe1 Rad8 13.Rad1 h6 14.Nf1 Rfe8 15.N3d2 Bh3
16.Ne4 Nh7 17.Bxh3 Qxh3 18.f3 Qd7 19.e3 f5 20.Nf2 Ng5 21.Kg2 dxe3 22.Nxe3 Bd6
23.Nd5 Ne7 24.h4 Nh7 25.Nxe7+ Rxe7 26.Re2 Rde8 27.Rde1 Nf6 28.Bc3 Qc6 29.b4 b6
30.Qb1 Bc7 31.bxc5 bxc5 32.Qb5 Qd6 33.Re3 Nh5 34.g4 e4 35.gxh5 Qg3+ 36.Kf1 exf3
37.Qxe8+ Rxe8 38.Rxe8+ Kh7 39.R1e7 Qg2+ 40.Ke1 Qg1+ 41.Kd2 Ba5 42.Rxg7+ Qxg7
43.Bxa5 Qb2+ 44.Kd1 Qb1+ 45.Kd2 Qb2+ 46.Kd1 Qxa3 47.Re7+ Kg8 48.Bd2 a5 49.Bxh6 Qb3+
50.Kc1 Qc3+ 51.Kd1 Qa1+ 52.Bc1 Qa4+ 53.Ke1 Qa1 54.Kd1 Kf8 55.Re3 Qa4+ 56.Ke1 Qc2
57.Bd2 Qb2 58.Nd1 f2+ 59.Kxf2  1/2-1/2

[Event "RUS-Cup5"]
[Site "Ekaterinburg"]
[Date "1997.??.??"]
[Round "5"]
[White "Kabanov, Nikolai"]
[Black "Guskova, Elena"]
[Result "1/2-1/2"]
[WhiteElo "2275"]
[BlackElo "2185"]

1.Nf3 d5 2.g3 c6 3.Bg2 Bf5 4.O-O Nd7 5.d3 e5 6.Nbd2 Be6 7.e4 f6 8.Ne1 Nh6
9.Bh3 Bxh3 10.Qh5+ Nf7 11.Qxh3 Be7 12.f4 dxe4 13.Nxe4 Nc5 14.Be3 Nxe4 15.dxe4 O-O
16.Nf3 Qa5 17.Kh1 Qa4 18.fxe5 Qxe4 19.Rae1 Qxc2 20.Bd4 fxe5 21.Nxe5 Ng5 22.Qg4 h5
23.Rxf8+ Rxf8 24.Qxh5 Bb4 25.Ng6 Rf1+ 26.Rxf1 Qe4+ 27.Rf3 Nxf3 28.Qh8+ Kf7
29.Qxg7+ Ke8 30.Qg8+ Kd7 31.Qf7+ Kc8 32.Qg8+ Kd7 33.Qg7+ Kc8 34.Qh8+ Kd7
35.Qg7+ Kc8 36.Qg8+ Kd7 37.Qg7+ Kc8  1/2-1/2

[Event "BCF-chT 96/97"]
[Site "England"]
[Date "1997.??.??"]
[Round "?"]
[White "Donaldson, John W"]
[Black "Wilson, Jonathan"]
[Result "1/2-1/2"]
[WhiteElo "2405"]
[BlackElo "2310"]

1.Nf3 d5 2.g3 c6 3.Bg2 Nf6 4.c4 Bg4 5.cxd5 cxd5 6.Qb3 Qb6 7.Qxb6 axb6 8.Nc3 Nc6
9.O-O e6 10.h3 Bh5 11.d3 Be7 12.g4 Bg6 13.Nh4 Nd7 14.Nxg6 hxg6 15.Bd2 Nde5
16.Nb5 O-O 17.Rfc1 g5 18.Rc2 Rfc8 19.a3 Na5 20.Rac1 Rxc2 21.Rxc2 Nac6 22.Kf1 Rc8
23.f4 gxf4 24.Bxf4 Nd7 25.Nd6 Bxd6 26.Bxd6 Na7 27.Rxc8+ Nxc8 28.Bf4 b5 29.Ke1 Na7
30.Kd2 Nc6 31.Bd6 g5 32.e3 Nb6 33.b3 Nc8 34.Bc7 Kg7 35.Kc3 N8a7 36.b4 Kg6
37.Kd2 Ne7 38.e4 d4 39.e5 Nd5 40.Be4+ Kh6 41.Bd6 Kg7 42.Ke2 Nc6 43.Kf3 Nd8
44.Kg3 Nc6 45.Bf3 Nd8 46.Be7  1/2-1/2

[Event "BCF-chT 96/97"]
[Site "England"]
[Date "1997.??.??"]
[Round "?"]
[White "Cummings, David H"]
[Black "Wilson, Jonathan"]
[Result "1/2-1/2"]
[WhiteElo "2375"]
[BlackElo "2310"]

1.Nf3 d5 2.g3 c6 3.Bg2 Nf6 4.O-O Bg4 5.d4 e6 6.Nbd2 Nbd7 7.b3 Bd6 8.Bb2 Qb8
9.Re1 O-O 10.e4 dxe4 11.Nxe4 Nxe4 12.Rxe4 Nf6 13.Re1 Re8 14.Qd2 Bxf3 15.Bxf3 h6
16.Re2 a5 17.c4 Qd8 18.Rd1 Qe7 19.Bg2 a4 20.Bc3 axb3 21.axb3 Ra3 22.Rb1 Rea8
23.Qd1 Ra2 24.Rxa2 Rxa2 25.Ra1 Rxa1 26.Qxa1 Bb4 27.Bb2 Bd2 28.Qa7 Qb4 29.d5 cxd5
30.Qb8+ Kh7 31.Bxf6 gxf6 32.cxd5 Qxb3 33.d6 Qd1+ 34.Bf1 Kg7 35.Qxb7 Ba5 36.Qb5 Qd5
37.Qxd5 exd5 38.Bg2 d4 39.Be4 Kf8 40.Kf1 Bb4 41.d7 Ke7 42.Bf5 d3 43.Bxd3 Kxd7
44.Bf5+ Ke7 45.Ke2 Bc5 46.f4 Kf8 47.Kf3 Bg1 48.h3  1/2-1/2

[Event "BCF-chT 96/97"]
[Site "England"]
[Date "1997.??.??"]
[Round "5"]
[White "Dyce, Andrew"]
[Black "Noyce, Robert"]
[Result "1/2-1/2"]
[WhiteElo "2135"]
[BlackElo "2205"]

1.Nf3 d5 2.g3 Bg4 3.Bg2 Nf6 4.O-O e6 5.d3 Bd6 6.Nbd2 O-O 7.e4 Nbd7 8.Re1 c6
9.h3 Bxf3 10.Qxf3 Qc7 11.Qe2 dxe4 12.dxe4 e5 13.Nc4 Bc5 14.c3 a6 15.b4 Ba7
16.Be3 Bxe3 17.Qxe3 b5 18.Na5 c5 19.a4 c4  1/2-1/2